000 00741cam a22002174a 4500
001 12848954
005 20250120130106.0
008 020710s2003 coua b 001 0 eng
020 _a1588261360 (alk. paper)
050 0 0 _aJZ5538
_b.W46 2003
082 0 0 _a658.4/053
_221
100 1 _aWenger, Andreas.
245 1 0 _aConflict prevention :
_bthe untapped potential of the business sector /
_cAndreas Wenger, and Daniel Möckli.
260 _aBoulder, Colo. :
_bLynne Rienner Publishers,
_c2003.
300 _aviii, 233 p. :
_bill. ;
_c24 cm.
650 0 _aConflict management.
650 0 _aPacific settlement of international disputes,
650 0 _aSocial responsibility of business.
700 1 _aMöckli, Daniel.
942 _2lcc
_cBK
_n0
999 _c2721
_d2721